XI Roku 2003 wg Tygodnika "Piłka Nożna" (Europa) - Statystyki

Ogólne statystyki
  • Ten quiz został rozwiązany 110 razy
  • Średni wynik to 9 z 11
Statystyki odpowiedzi
Pozycja Kraj Klub Zawodnik % Poprawnych
BR Włochy Juventus Gianluigi Buffon
100%
SO Włochy Milan Paolo Maldini
97%
N Francja Arsenal Thierry Henry
96%
ŚO Hiszpania Barcelona Carles Puyol
93%
ŚPO Francja Real M. Zinedine Zidane
92%
LP Czechy Juventus Pavel Nedved
91%
PP Anglia Man United/Real M. David Beckham
90%
ŚO Włochy Milan Alessandro Nesta
79%
N Holandia Man United Ruud van Nistelrooy
72%
ŚPD Francja Real M./Chelsea Claude Makelele
71%
PO Francja Juventus Lilian Thuram
64%
Nie znaleziono quizów pasujących do podanych kryteriów
Rozkład punktacji
Procent ludzi z każdym wynikiem
Percentyl według liczby udzielonych odpowiedzi
Twoja historia wyników
Nie rozwiązałeś tego quizu